Guess That Conan Gray Song!!! Vol 11 - Statistics

General Stats
  • This quiz has been taken 24 times
  • The average score is 136 of 271
Answer Stats
Lyrics % Correct
you
95%
You
95%
a
89%
me
89%
the
89%
your
89%
When
84%
love"
79%
love
79%
love)
79%
He
74%
in
74%
you're
74%
And
68%
and
68%
it
68%
All
63%
all
63%
I'm
63%
say,
63%
to
63%
can't
58%
(can't
58%
have
58%
is
58%
no
58%
So
58%
They
58%
But
53%
but
53%
man
53%
of
53%
oh,
53%
oh
53%
what
53%
ah
47%
Fat
47%
friends
47%
get
47%
give
47%
Give
47%
Killin'
47%
life
47%
never
47%
these
47%
too
47%
up
47%
affluenza
42%
Affluenza,
42%
ain't
42%
Baby,
42%
Benz,
42%
breeze
42%
buy
42%
Crystal
42%
daddy's
42%
designer
42%
drugs,
42%
Every
42%
funny,
42%
got
42%
hate
42%
honey
42%
keep
42%
kids
42%
liquor
42%
mansion
42%
Money,
42%
money,
42%
money
42%
"Money
42%
need
42%
new
42%
their
42%
always
37%
back
37%
birthday
37%
'Cause
37%
cold
37%
crying
37%
cups
37%
day's
37%
many
37%
party,
37%
real
37%
really
37%
'Til
37%
'til
37%
time,
37%
wait
37%
cash
32%
cheers
32%
class
32%
diamond
32%
driveway
32%
ends
32%
finances
32%
gettin'
32%
gold
32%
he's
32%
high,
32%
kinda
32%
Mama's
32%
right
32%
stacks,
32%
threw
32%
Trust
32%
bloody,
26%
bloody
26%
both
26%
calls
26%
first
26%
fund,
26%
Goin'
26%
had
26%
hands,
26%
lavish,
26%
none
26%
reap
26%
tongue
26%
wreckin'
26%
80
21%
affluence,
21%
grand
21%
You've
16%
No matching quizzes found
Score Distribution
Percent of People with Each Score
Percentile by Number Answered
Your Score History
You have not taken this quiz